Carregant...

Kurumthoka

Dades bibliogràfiques
Autor principal: Ezhuthachan , K
Format: Printed Book
Publicat: Thrissur Kerala sahitya academi 1999
Matèries:
LEADER 00439nam a22001457a 4500
020 |a 8176900117 
082 |a 894.8111 
100 |a Ezhuthachan , K 
245 |a Kurumthoka 
260 |a Thrissur  |b Kerala sahitya academi  |c 1999 
300 |a 286p 
650 |a Tamil poems 
942 |c BK 
999 |c 294366  |d 294366 
952 |0 0  |1 0  |4 0  |6 894_811100000000000_EZH_K  |7 0  |9 334817  |a HIS  |b HIS  |c REF  |d 2016-03-05  |g 81.00  |l 0  |o 894.8111 EZH / K  |r 2018-09-17  |w 2018-09-17  |y REF